Research and composition: A guide for the beginning researcher

Saved in:
Bibliographic Details
Main Author: J Inglish
Format: Book
Language:Undetermined
Published: New Jersey Prentice-Hall 1977
Subjects:
Tags: Add Tag
No Tags, Be the first to tag this record!
Institutions: Trung tâm Học liệu Trường Đại học Cần Thơ
LEADER 00537nam a2200181Ia 4500
001 CTU_12744
008 210402s9999 xx 000 0 und d
082 |a 808.023 
082 |b I52 
100 |a J Inglish 
245 0 |a Research and composition: A guide for the beginning researcher 
245 0 |c J Inglish 
260 |a New Jersey 
260 |b Prentice-Hall 
260 |c 1977 
650 |a english literature - collections 
904 |i Nguyễn Quang Điền, 961118 
980 |a Trung tâm Học liệu Trường Đại học Cần Thơ